A náusea (Registo nº 231)

Detalhes MARC
000 -Etiqueta do registo
Cabeçalho 00755nam0a2200253 4500
005 - Identificador da versão
Campo de controlo 20240813121757.0
010 ## - Número internacional normalizado dos livros (ISBN)
Número (ISBN) 8496142477
021 ## - Número do Depósito Legal
Código do país PY
Número B-17106-2003
100 ## - Dados gerais de processamento
Dados gerais de processamento 20160509d2003 ke y0pory5003 ba
102 ## - Pais de publicação ou produção
País de publicação Portugal
101 1# - Língua de publicação
Língua do texto, banda sonora, etc. Português
Língua do documento no original Francês
215 ## - Descrição física 
Indicação específica da natureza do documento e extensão da espécie 220, [1] p
200 1# - Titulo e menção de responsabilidade
Título próprio A náusea
Primeira menção de responsabilidade Jean-Paul Sartre
Outras menções de responsabilidade trad. Antonio Coimbra Martins
225 2# - Colecção 
Título próprio da colecção Mil folhas
Indicação de volume 53
210 ## - Publicação, Distribuição, etc. 
Lugar da edição, distribuição, etc. Porto
Nome do editor, distribuidor, etc. Público Comunicação Social
Data da publicação, distribuição, etc. cop. 2003
606 ## - Nome comum usado como assunto
Número de registo de entrada de autoridade 0002029
Palavra de ordem Literatura francesa
Subdivisão de assunto Romance
Código do sistema CA
675 ## - Classificação Decimal Universal (CDU)
Notação 821.133.1-31
Edição 3ª ed.
Língua da edição por
702 #1 - Nome de autor-pessoa física (responsabilidade secundária)
Número de registo de entrada de autoridade 0002910
Palavra de ordem Martins
Outra parte do nome não tomada para palavra de ordem Antonio Coimbra
Código de função Tradutor
700 #1 - Nome de autor-pessoa física (responsabilidade principal)
Número de registo de entrada de autoridade 0002909
Palavra de ordem Sartre
Outra parte do nome não tomada para palavra de ordem Jean-Paul
Datas 1905-1980
966 ## - Identificação da Biblioteca
Sigla EB2,3ENM
942 ## - Elementos de entrada adicionados (Koha)
Tipo de item no Koha Livro
Exemplares
Situação do levantamento Origin of item (home branch) (coded) Biblioteca de empréstimo Código de barras Cota Circulation type (not for loan) Tipo de documento Nota do exemplar Damaged status
  Biblioteca Escolar Eng. Nuno Mergulhão Biblioteca Escolar Eng. Nuno Mergulhão BENM785 82LE-3 SAR   Livro Sem mensagem